[Event "13e Festival CG Meurthe et Moselle"]
[Site "Nancy"]
[Date "2015.02.21"]
[Round "4.4"]
[White "Berend, Fred"]
[Black "Shchekachev, Andrei A."]
[Result "1-0"]
[WhiteElo "2380"]
[BlackElo "2600"]
[PlyCount "119"]
[EventDate "2015.02.21"]
[EventType "swiss (blitz)"]
[EventRounds "11"]
[EventCountry "FRA"]

1. d4 Nf6 2. Nf3 g6 3. Bg5 Bg7 4. Nbd2 O-O 5. c3 d6 6. e4 h6 7. Bh4 Qe8 8. Bc4
e5 9. dxe5 dxe5 10. O-O Nbd7 11. Re1 Nb6 12. Bf1 Nh5 13. a4 a5 14. Bb5 Bd7 15.
Qb3 Nf4 16. Bxd7 Qxd7 17. Nc4 Qe6 18. Nfd2 Nxc4 19. Qxc4 Qxc4 20. Nxc4 f6 21.
Red1 Ne6 22. f3 Rf7 23. Bf2 Bf8 24. Rd2 b6 25. Rad1 Bc5 26. Ne3 h5 27. Kf1 Kf8
28. Rd7 Re8 29. R1d2 Rxd7 30. Rxd7 Re7 31. Rd2 Kf7 32. Nd5 Bxf2 33. Nxe7 Be3
34. Rd7 Ke8 35. Rd3 Kxe7 36. Rxe3 Nc5 37. Re2 Nxa4 38. h4 b5 39. g4 Nb6 40.
gxh5 gxh5 41. Ke1 a4 42. Kd1 Nc4 43. Kc1 Kf7 44. Rg2 Ne3 45. Re2 Nc4 46. Re1
Nd6 47. Rg1 Nc4 48. Kc2 Nd6 49. b3 axb3+ 50. Kxb3 Nc4 51. Rd1 Ke7 52. Kb4 Ne3
53. Rd2 c6 54. Kc5 Nc4 55. Rg2 Kd7 56. Rg7+ Ke6 57. Kxc6 Nd2 58. Kxb5 Nxe4 59.
fxe4 Kd6 60. c4 1-0

[Event "13e Festival CG Meurthe et Moselle"]
[Site "Nancy"]
[Date "2015.02.21"]
[Round "4.5"]
[White "Berend, Elvira"]
[Black "Gopal, G.N.."]
[Result "0-1"]
[WhiteElo "2330"]
[BlackElo "2538"]
[PlyCount "94"]
[EventDate "2015.02.21"]
[EventType "swiss (blitz)"]
[EventRounds "11"]
[EventCountry "FRA"]

1. d4 Nf6 2. c4 g6 3. Nc3 d5 4. cxd5 Nxd5 5. e4 Nxc3 6. bxc3 Bg7 7. Nf3 c5 8.
Be3 Qa5 9. Qd2 O-O 10. Rc1 Rd8 11. d5 e6 12. c4 Qxd2+ 13. Kxd2 b6 14. Bd3 Na6
15. Ke2 Nb4 16. Bb1 exd5 17. exd5 Ba6 18. Ke1 Bb2 19. Rd1 Bxc4 20. d6 Nd5 21.
Nd2 Bc3 22. Rc1 Rxd6 23. Be4 Rad8 24. Bxd5 Bxd2+ 25. Kxd2 Bxd5 26. Kc2 Bxg2 27.
Rhe1 f6 28. Kb2 Kf7 29. h4 R8d7 30. Rg1 Be4 31. Rg4 Bf5 32. Rf4 h5 33. Ra4 Re6
34. Rc3 Re4 35. Rxe4 Bxe4 36. Rc4 Bd5 37. Ra4 Ke6 38. Bf4 Bc6 39. Ra3 Kf5 40.
Be3 g5 41. hxg5 fxg5 42. Rc3 h4 43. f3 h3 44. Bg1 Rd2+ 45. Rc2 Rxc2+ 46. Kxc2
Kf4 47. Kd2 Kg3 0-1

[Event "13e Festival CG Meurthe et Moselle"]
[Site "Nancy"]
[Date "2015.02.21"]
[Round "4.6"]
[White "Guliyev, Namig"]
[Black "Blachon, Pascal"]
[Result "1-0"]
[WhiteElo "2520"]
[BlackElo "2130"]
[PlyCount "55"]
[EventDate "2015.02.21"]
[EventType "swiss (blitz)"]
[EventRounds "11"]
[EventCountry "FRA"]

1. e4 e6 2. d4 d5 3. Nc3 Nf6 4. e5 Nfd7 5. f4 c5 6. Nf3 Nc6 7. Be3 cxd4 8. Nxd4
Bc5 9. Qd2 a6 10. Be2 Nxd4 11. Bxd4 Qc7 12. Bf3 O-O 13. Ne2 b5 14. O-O a5 15.
Kh1 Ba6 16. Bxc5 Nxc5 17. Nd4 b4 18. Rfe1 Rad8 19. b3 Rfe8 20. a3 bxa3 21. Rxa3
Nb7 22. Re3 Rc8 23. Ra1 Qb6 24. f5 Qc7 25. h3 Rcd8 26. fxe6 fxe6 27. Bg4 Qb6
28. b4 1-0

[Event "13e Festival CG Meurthe et Moselle"]
[Site "Nancy"]
[Date "2015.02.21"]
[Round "4.7"]
[White "Pourquet, Matthieu"]
[Black "Sebag, Marie"]
[Result "0-1"]
[WhiteElo "2140"]
[BlackElo "2520"]
[PlyCount "93"]
[EventDate "2015.02.21"]
[EventType "swiss (blitz)"]
[EventRounds "11"]
[EventCountry "FRA"]

1. Nf3 d5 2. c4 c6 3. g3 Nf6 4. Bg2 dxc4 5. O-O Nbd7 6. Qc2 Nb6 7. a4 a5 8. Na3
g6 9. Rd1 Bf5 10. d3 cxd3 11. exd3 Bg7 12. Be3 Nbd5 13. Bc5 O-O 14. Nc4 Nb4 15.
Qd2 Nfd5 16. Nfe5 Qc7 17. d4 Rad8 18. Rac1 f6 19. Bxb4 Nxb4 20. Nf3 e5 21. Qe3
Nc2 22. Qb3 Nxd4 23. Nxd4 exd4 24. Nd6+ Kh8 25. Nxf5 gxf5 26. Rc4 c5 27. Qd3 f4
28. Rdc1 b6 29. Rxd4 fxg3 30. hxg3 Rxd4 31. Qxd4 f5 32. Qd5 f4 33. gxf4 Qxf4
34. Rc2 Bd4 35. Qh5 Bxf2+ 36. Kh1 Bd4 37. Re2 Qc1+ 38. Kh2 Qf4+ 39. Kh1 Bf6 40.
Re4 Qc1+ 41. Kh2 Rg8 42. Qf3 Qg5 43. Re2 Be5+ 44. Kh1 Bd4 45. Re4 Qc1+ 46. Kh2
Qh6+ 47. Bh3 0-1

[Event "13e Festival CG Meurthe et Moselle"]
[Site "Nancy"]
[Date "2015.02.21"]
[Round "4.8"]
[White "Arun Prasad, S.."]
[Black "Ciccoli, Theo"]
[Result "1-0"]
[WhiteElo "2486"]
[BlackElo "1900"]
[PlyCount "105"]
[EventDate "2015.02.21"]
[EventType "swiss (blitz)"]
[EventRounds "11"]
[EventCountry "FRA"]

1. c4 c5 2. g3 g6 3. Bg2 Bg7 4. Nc3 Nc6 5. Nf3 Nf6 6. O-O O-O 7. d4 cxd4 8.
Nxd4 d6 9. Nxc6 bxc6 10. Bxc6 Rb8 11. Bg2 Bf5 12. e4 Bg4 13. Qc2 Qc7 14. b3
Rfc8 15. Bb2 Qd7 16. Rfe1 Bh3 17. Bh1 Ng4 18. Rad1 Ne5 19. f3 a5 20. Qf2 Qb7
21. Na4 Nc6 22. Bxg7 Kxg7 23. Bg2 Bxg2 24. Kxg2 Nb4 25. Rd2 Nxa2 26. Rxa2 Qxb3
27. c5 dxc5 28. Rc1 c4 29. Nc3 Qb4 30. Ra4 Qc5 31. Qxc5 Rxc5 32. Rc2 Rb3 33.
Nd5 e6 34. Nf4 g5 35. Ne2 Rb4 36. Ra3 a4 37. Nc3 Rb3 38. Rxa4 Rc7 39. Ne2 Rcb7
40. Raxc4 Rb2 41. g4 h6 42. Kg3 Kg6 43. h4 gxh4+ 44. Kxh4 Kg7 45. Nf4 R2b3 46.
Kg3 Rb2 47. Rxb2 Rxb2 48. Nh5+ Kg6 49. Rc8 Ra2 50. Rg8+ Kh7 51. Rg7+ Kh8 52.
Rxf7 Ra1 53. Nf6 1-0

[Event "13e Festival CG Meurthe et Moselle"]
[Site "Nancy"]
[Date "2015.02.21"]
[Round "?.9"]
[White "Bauer, Christian"]
[Black "Zienkiewicz, Alexandre"]
[Result "1/2-1/2"]
[WhiteElo "2700"]
[BlackElo "2100"]
[PlyCount "63"]
[EventDate "2015.02.21"]
[EventType "swiss (blitz)"]
[EventRounds "11"]
[EventCountry "FRA"]

1. e4 g6 2. d4 Bg7 3. Nc3 d6 4. Be3 a6 5. Qd2 Nd7 6. h4 h5 7. Nh3 b5 8. Ng5 Bb7
9. f3 c5 10. O-O-O Rc8 11. Kb1 cxd4 12. Bxd4 Bxd4 13. Qxd4 Ngf6 14. g3 Qb6 15.
Qd2 Ne5 16. Bh3 Rc7 17. Rhe1 Nc4 18. Qd3 b4 19. Nd5 Bxd5 20. exd5 O-O 21. Qd4
Qxd4 22. Rxd4 Rb8 23. Bf1 Rbc8 24. Bxc4 Rxc4 25. Rxc4 Rxc4 26. Rxe7 Nxd5 27.
Re4 Rc5 28. Kc1 Rc4 29. Kb1 Rc5 30. Rd4 a5 31. Ne4 Rb5 32. c4 1/2-1/2

[Event "13e Festival CG Meurthe et Moselle"]
[Site "Nancy"]
[Date "2015.02.21"]
[Round "5.1"]
[White "Fedorchuk, Sergey A."]
[Black "Guliyev, Namig"]
[Result "1-0"]
[WhiteElo "2730"]
[BlackElo "2520"]
[PlyCount "75"]
[EventDate "2015.02.21"]
[EventType "swiss (blitz)"]
[EventRounds "11"]
[EventCountry "FRA"]

1. e4 c5 2. Nf3 d6 3. d4 cxd4 4. Nxd4 Nf6 5. Nc3 a6 6. Be2 e6 7. O-O Qc7 8. f4
Be7 9. Kh1 Nc6 10. Be3 Bd7 11. Nb3 b5 12. a3 O-O 13. Bf3 Rab8 14. g4 h6 15. h4
d5 16. e5 Ne4 17. Nxe4 dxe4 18. Bxe4 Bxh4 19. g5 Ne7 20. Qd6 Qxd6 21. exd6 Nd5
22. Bxd5 exd5 23. Kg2 f6 24. gxh6 g5 25. Nc5 Bc6 26. Bd4 Rbe8 27. fxg5 Bxg5 28.
Rae1 Kh7 29. d7 Rxe1 30. Rxe1 Rd8 31. Re6 Bxd7 32. Re7+ Kxh6 33. Nxd7 Rc8 34.
c3 Rc6 35. Nf8 Bf4 36. Kf3 Bd6 37. Re6 Kg7 38. Rxf6 1-0

[Event "13e Festival CG Meurthe et Moselle"]
[Site "Nancy"]
[Date "2015.02.21"]
[Round "5.3"]
[White "Sebag, Marie"]
[Black "Dobrov, Vladimir"]
[Result "1-0"]
[WhiteElo "2520"]
[BlackElo "2603"]
[PlyCount "93"]
[EventDate "2015.02.21"]
[EventType "swiss (blitz)"]
[EventRounds "11"]
[EventCountry "FRA"]

1. e4 e6 2. d4 d5 3. Nd2 a6 4. Bd3 c5 5. dxc5 Bxc5 6. Ngf3 Nc6 7. O-O Nb4 8.
Nb3 Nxd3 9. Qxd3 Be7 10. exd5 Qxd5 11. Qxd5 exd5 12. Re1 Nf6 13. Nfd4 Bd7 14.
Bg5 Kf8 15. Rad1 Rc8 16. c3 Bd8 17. Bf4 g6 18. Bh6+ Kg8 19. f3 Ne8 20. Nc2 Be6
21. Nbd4 Bb6 22. Be3 Nc7 23. Kf1 Bd7 24. Nb3 Bxe3 25. Nxe3 Be6 26. Nc5 b6 27.
Nd3 Kg7 28. Nf4 Rhd8 29. Kf2 g5 30. Nxe6+ fxe6 31. Ng4 h5 32. Ne5 Kf6 33. a4
Ne8 34. h4 gxh4 35. Rd4 Ng7 36. Rxh4 Rh8 37. Rf4+ Nf5 38. Nd7+ Kg5 39. g3 Nxg3
40. Rf7 h4 41. Rxe6 Rce8 42. Rg7+ Kh5 43. Nf6+ Kh6 44. Nxe8+ Kh5 45. Rgg6 Nf5
46. Ng7+ Nxg7 47. Rxg7 1-0

[Event "13e Festival CG Meurthe et Moselle"]
[Site "Nancy"]
[Date "2015.02.21"]
[Round "5.4"]
[White "Gopal, G.N.."]
[Black "Berend, Fred"]
[Result "1-0"]
[WhiteElo "2538"]
[BlackElo "2380"]
[PlyCount "50"]
[EventDate "2015.02.21"]
[EventType "swiss (blitz)"]
[EventRounds "11"]
[EventCountry "FRA"]

1. e4 e5 2. Nf3 Nc6 3. Bb5 Nf6 4. d3 Bc5 5. O-O Nd4 6. Nxd4 Bxd4 7. Nd2 c6 8.
Ba4 d6 9. c3 Bb6 10. Nc4 Bg4 11. Qe1 Bc7 12. Bb3 Be6 13. Qe2 h6 14. Ne3 O-O 15.
Qf3 Kh7 16. h3 Bxb3 17. axb3 g6 18. Re1 a5 19. Bd2 Kg7 20. g3 Ng8 21. Kg2 h5
22. d4 Qf6 23. Qe2 Rfe8 24. Qd3 Qe7 25. d5 Kh7 1-0

[Event "13e Festival CG Meurthe et Moselle"]
[Site "Nancy"]
[Date "2015.02.21"]
[Round "5.5"]
[White "Bauer, Christian"]
[Black "Leconte, Jean-Olivier"]
[Result "1-0"]
[WhiteElo "2700"]
[BlackElo "2400"]
[PlyCount "109"]
[EventDate "2015.02.21"]
[EventType "swiss (blitz)"]
[EventRounds "11"]
[EventCountry "FRA"]

1. b3 e5 2. Bb2 Nc6 3. e3 Nf6 4. c4 g6 5. Nf3 d6 6. d4 e4 7. Nfd2 Bg7 8. Nc3
Bf5 9. h3 h5 10. Be2 Qe7 11. a3 Nb8 12. Qc2 c6 13. O-O-O h4 14. g4 hxg3 15.
fxg3 g5 16. Rdf1 Bg6 17. h4 gxh4 18. gxh4 Nbd7 19. Rfg1 Bh6 20. Nf1 O-O-O 21.
Kb1 Kb8 22. Ka2 Rde8 23. Qd2 d5 24. Ng3 Rd8 25. Rf1 Rhg8 26. c5 Bh7 27. Nf5
Bxf5 28. Rxf5 Rg3 29. Nd1 Rdg8 30. Rhf1 Rg2 31. Qe1 R8g7 32. R5f2 R2g3 33. Qd2
Ng4 34. Bxg4 R3xg4 35. h5 f6 36. Rf5 Rg2 37. R1f2 R2g3 38. a4 Qe8 39. Qe2 Rg1
40. b4 Rh1 41. Rf1 Rh3 42. b5 Qc8 43. Qf2 Rhg3 44. Rxf6 Nxf6 45. Qxf6 Qh8 46.
bxc6 bxc6 47. Qxc6 Rb7 48. Qxd5 Ka8 49. c6 Rc7 50. Qxe4 Qg8+ 51. Ka1 Rg2 52. d5
Rxb2 53. Nxb2 Bg7 54. d6 Bxb2+ 55. Kxb2 1-0

[Event "13e Festival CG Meurthe et Moselle"]
[Site "Nancy"]
[Date "2015.02.21"]
[Round "5.7"]
[White "Shchekachev, Andrei"]
[Black "Le Corre, Benjamin"]
[Result "1-0"]
[WhiteElo "2600"]
[BlackElo "2150"]
[PlyCount "45"]
[EventDate "2015.02.21"]
[EventType "swiss (blitz)"]
[EventRounds "11"]
[EventCountry "FRA"]

1. Nf3 Nf6 2. c4 g6 3. Nc3 Bg7 4. e4 d6 5. d4 O-O 6. Be2 Nbd7 7. O-O e5 8. Qc2
Re8 9. Rd1 Ng4 10. dxe5 Ngxe5 11. Nd4 Nc6 12. Be3 Nxd4 13. Bxd4 Ne5 14. f4 Ng4
15. Qd2 Bxd4+ 16. Qxd4 Qf6 17. Bxg4 Qxd4+ 18. Rxd4 Bxg4 19. Nd5 c5 20. Nf6+ Kf8
21. Rd2 Be6 22. Nxe8 Rxe8 23. b3 1-0

[Event "13e Festival CG Meurthe et Moselle"]
[Site "Nancy"]
[Date "2015.02.21"]
[Round "5.8"]
[White "Pourquet, Matthieu"]
[Black "Tkachiev, Vladislav"]
[Result "0-1"]
[WhiteElo "2140"]
[BlackElo "2600"]
[PlyCount "42"]
[EventDate "2015.02.21"]
[EventType "swiss (blitz)"]
[EventRounds "11"]
[EventCountry "FRA"]

1. Nf3 d6 2. d4 g6 3. g3 Bg7 4. Bg2 Nf6 5. O-O O-O 6. c4 c6 7. Nc3 Qa5 8. h3 e5
9. e4 Nbd7 10. Be3 Nb6 11. c5 exd4 12. Nxd4 Nc4 13. Nb3 Qd8 14. cxd6 Nxe3 15.
fxe3 Ne8 16. Qc2 Qxd6 17. Ne2 Qe5 18. Nbd4 Nd6 19. Nf4 Re8 20. Nd3 Qxg3 21. Qb3
Qxe3+ 0-1

[Event "13e Festival CG Meurthe et Moselle"]
[Site "Nancy"]
[Date "2015.02.21"]
[Round "5.9"]
[White "Blachon, Pascal"]
[Black "Karagyozan, Edgar"]
[Result "0-1"]
[WhiteElo "2130"]
[BlackElo "2480"]
[PlyCount "68"]
[EventDate "2015.02.21"]
[EventType "swiss (blitz)"]
[EventRounds "11"]
[EventCountry "FRA"]

1. e4 d5 2. exd5 Nf6 3. Nf3 Nxd5 4. d4 e6 5. c4 Nf6 6. Nc3 c5 7. Be2 cxd4 8.
Qxd4 Qxd4 9. Nxd4 a6 10. Bf3 Nbd7 11. Nb3 Ne5 12. Be2 Bd7 13. h3 Rc8 14. Nd2
Bb4 15. f4 Nc6 16. Bf3 Nd4 17. Bd1 b5 18. Nf3 Rxc4 19. Nxd4 Rxd4 20. Be3 Rc4
21. Be2 Rxc3 22. Bd2 Rc2 23. Bxb4 Rxb2 24. Bc3 Rc2 25. Be5 O-O 26. Bf3 Rfc8 27.
O-O Bc6 28. Rfc1 Bxf3 29. Rxc2 Rxc2 30. gxf3 Nd5 31. a4 b4 32. a5 f6 33. Bd4
Nxf4 34. Rb1 Ne2+ 0-1

[Event "13e Festival CG Meurthe et Moselle"]
[Site "Nancy"]
[Date "2015.02.21"]
[Round "5.2"]
[White "Feller, Sebastien"]
[Black "Arun Prasad, S.."]
[Result "1-0"]
[WhiteElo "2660"]
[BlackElo "2486"]
[PlyCount "119"]
[EventDate "2015.02.21"]
[EventType "swiss (blitz)"]
[EventRounds "11"]
[EventCountry "FRA"]

1. c4 e5 2. Nc3 Bb4 3. Nd5 Be7 4. g3 c6 5. Nxe7 Qxe7 6. Bg2 Nf6 7. d3 h6 8. Nf3
O-O 9. O-O d5 10. cxd5 cxd5 11. a3 Nc6 12. b4 a6 13. Bb2 d4 14. Rc1 Bd7 15. Qc2
Rfc8 16. Qc5 Qe8 17. Qd6 Rd8 18. Qc5 Rac8 19. b5 axb5 20. Qxb5 Rc7 21. Nd2 Rdc8
22. Nc4 Qe6 23. Nb6 Rd8 24. Nxd7 Rdxd7 25. Rc4 Na7 26. Qb4 Rxc4 27. Qxc4 Qxc4
28. dxc4 Nc6 29. Rb1 e4 30. Rd1 Kf8 31. f3 Ke7 32. fxe4 Ng4 33. Bh3 h5 34. a4
Ke6 35. Bxg4+ hxg4 36. Rf1 g6 37. Rf4 Ne5 38. c5 d3 39. exd3 Nxd3 40. Rf6+ Ke7
41. Bc3 Nxc5 42. Rf4 Rd1+ 43. Kg2 Nd3 44. Rxg4 Rc1 45. Bd4 Rc2+ 46. Kg1 Ne1 47.
Bf2 Nf3+ 48. Kg2 Ne1+ 49. Kg1 Nf3+ 50. Kg2 Ne1+ 51. Kf1 Nf3 52. Kg2 Ne1+ 53.
Kf1 Nf3 54. Rf4 Nd2+ 55. Ke1 Nc4 56. h4 Ne5 57. Kf1 Ra2 58. Bd4 Nd3 59. Rf3 Nb4
60. Bc5+ 1-0

[Event "13e Festival CG Meurthe et Moselle"]
[Site "Nancy"]
[Date "2015.02.21"]
[Round "6.1"]
[White "Gopal, G.N.."]
[Black "Fedorchuk, Sergey A."]
[Result "0-1"]
[WhiteElo "2538"]
[BlackElo "2730"]
[PlyCount "84"]
[EventDate "2015.02.21"]
[EventType "swiss (blitz)"]
[EventRounds "11"]
[EventCountry "FRA"]

1. e4 c5 2. Nf3 e6 3. d4 cxd4 4. Nxd4 a6 5. Bd3 Bc5 6. Nb3 Be7 7. O-O d6 8. Qg4
g6 9. Qe2 Nd7 10. a4 Ne5 11. a5 Bd7 12. Be3 Nf6 13. N1d2 O-O 14. f4 Nxd3 15.
cxd3 Bb5 16. Nd4 Qd7 17. f5 Rfe8 18. fxe6 fxe6 19. Bg5 Rf8 20. Rf3 Nh5 21. Bxe7
Qxe7 22. Nxb5 axb5 23. Qe3 e5 24. d4 Kg7 25. Kh1 Nf4 26. Nb3 Rac8 27. Raf1 Ne6
28. Kg1 Rxf3 29. Rxf3 Rc2 30. Rf2 Rxf2 31. Qxf2 Qc7 32. dxe5 dxe5 33. Qe3 Qc2
34. Qc3 Qxe4 35. h3 Nf4 36. Qd2 Qc4 37. Qe3 Qd5 38. Qd2 Qxb3 39. Kh2 Qd3 40.
Qe1 Qe2 41. Qg3 h5 42. Qg5 Qxg2+ 0-1

[Event "13e Festival CG Meurthe et Moselle"]
[Site "Nancy"]
[Date "2015.02.21"]
[Round "6.2"]
[White "Sebag, Marie"]
[Black "Feller, Sebastien"]
[Result "1/2-1/2"]
[WhiteElo "2520"]
[BlackElo "2660"]
[PlyCount "104"]
[EventDate "2015.02.21"]
[EventType "swiss (blitz)"]
[EventRounds "11"]
[EventCountry "FRA"]

1. e4 e5 2. Nf3 Nc6 3. Bb5 Nf6 4. d3 Bc5 5. c3 O-O 6. O-O Re8 7. Nbd2 a6 8. Ba4
b5 9. Bb3 d6 10. h3 Be6 11. Re1 Bxb3 12. Nxb3 Bb6 13. Bg5 h6 14. Bh4 Nb8 15.
Nh2 g5 16. Bg3 Nbd7 17. Nf1 d5 18. Qf3 dxe4 19. dxe4 Nf8 20. Rad1 Qe7 21. Ne3
Bxe3 22. Qxe3 Rad8 23. f3 Nh5 24. Bf2 Nf4 25. Qc5 Qxc5 26. Nxc5 a5 27. Nb7 Ra8
28. Be3 N4e6 29. Nc5 Nxc5 30. Bxc5 Ne6 31. Be3 Red8 32. Kf2 f6 33. Rd5 c6 34.
Rxd8+ Rxd8 35. Re2 a4 36. Rd2 Rxd2+ 37. Bxd2 Nc5 38. Ke2 Kf7 39. Be3 Ne6 40.
Kd3 c5 41. c4 b4 42. a3 b3 43. g3 h5 44. h4 Kg6 45. Ke2 g4 46. fxg4 hxg4 47.
Kd3 Kh5 48. Bf2 Kg6 49. Ke2 Kh5 50. Kd3 Kh6 51. Be3+ Kg6 52. Bf2 Kh5 1/2-1/2

[Event "13e Festival CG Meurthe et Moselle"]
[Site "Nancy"]
[Date "2015.02.21"]
[Round "6.3"]
[White "Savina, Anastasia"]
[Black "Bauer, Christian"]
[Result "0-1"]
[WhiteElo "2354"]
[BlackElo "2700"]
[PlyCount "53"]
[EventDate "2015.02.21"]
[EventType "swiss (blitz)"]
[EventRounds "11"]
[EventCountry "FRA"]

1. d4 a6 2. c4 b5 3. e4 Bb7 4. cxb5 axb5 5. Bd3 Nf6 6. Qe2 e6 7. Nf3 c5 8. Bxb5
Nxe4 9. O-O Be7 10. dxc5 Nxc5 11. Nc3 Nc6 12. Bf4 O-O 13. Rfd1 d5 14. Rab1 Bf6
15. Bxc6 Bxc6 16. Be5 Nd7 17. Bxf6 Qxf6 18. Nd4 Rfc8 19. Nxc6 Rxc6 20. h3 Ne5
21. Nb5 Rxa2 22. Nd4 Rc4 23. Ra1 Rxa1 24. Rxa1 g6 25. Nb5 Re4 26. Qc2 Nc4 27.
b3 0-1

[Event "13e Festival CG Meurthe et Moselle"]
[Site "Nancy"]
[Date "2015.02.21"]
[Round "6.4"]
[White "Dobrov, Vladimir"]
[Black "Berend, Ffred"]
[Result "1-0"]
[WhiteElo "2603"]
[BlackElo "2380"]
[PlyCount "47"]
[EventDate "2015.02.21"]
[EventType "swiss (blitz)"]
[EventRounds "11"]
[EventCountry "FRA"]

1. Nf3 d5 2. c4 c6 3. e3 Nf6 4. Nc3 a6 5. h3 g6 6. b3 Bg7 7. Bb2 O-O 8. d4 b5
9. Bd3 Nbd7 10. O-O Re8 11. Qe2 Bb7 12. Rfd1 Qc7 13. Rac1 dxc4 14. bxc4 bxc4
15. Bxc4 e6 16. e4 Qb6 17. e5 Nd5 18. Ne4 Red8 19. Ba3 a5 20. Nd6 Ba6 21. Ng5
Nf4 22. Qf3 f6 23. Nxe6 Bxc4 24. Nxc4 1-0

[Event "13e Festival CG Meurthe et Moselle"]
[Site "Nancy"]
[Date "2015.02.21"]
[Round "6.5"]
[White "Mensch, Etienne"]
[Black "Shchekachev, Andrei"]
[Result "0-1"]
[WhiteElo "2230"]
[BlackElo "2600"]
[PlyCount "84"]
[EventDate "2015.02.21"]
[EventType "swiss (blitz)"]
[EventRounds "11"]
[EventCountry "FRA"]

1. d4 g6 2. c4 Bg7 3. Nc3 c5 4. d5 d6 5. Nf3 e6 6. g3 Ne7 7. Bg2 exd5 8. cxd5
O-O 9. O-O a6 10. a4 Nf5 11. Bf4 Re8 12. Re1 h6 13. h4 Nd7 14. e4 Nd4 15. Bxd6
Qb6 16. e5 Nxf3+ 17. Qxf3 Nxe5 18. Bxe5 Bxe5 19. Ne4 Bf5 20. Re2 Bd4 21. Rae1
Rxe4 22. Rxe4 Bxe4 23. Rxe4 Rf8 24. b3 h5 25. Bh3 Qd6 26. Re2 Kg7 27. Bg2 b5
28. axb5 axb5 29. Qd3 Rb8 30. Kh2 Qf6 31. f4 Qd6 32. Qe4 Bf6 33. Qd3 Rb7 34.
Re4 c4 35. bxc4 b4 36. c5 Qxc5 37. d6 b3 38. d7 b2 39. d8=Q Bxd8 40. Qxd8 b1=Q
41. Re8 Qbg1+ 42. Kh3 Qf5+ 0-1

[Event "13e Festival CG Meurthe et Moselle"]
[Site "Nancy"]
[Date "2015.02.21"]
[Round "6.6"]
[White "Tkachiev, Vladislav"]
[Black "Berend, Elvira"]
[Result "1-0"]
[WhiteElo "2600"]
[BlackElo "2330"]
[PlyCount "62"]
[EventDate "2015.02.21"]
[EventType "swiss (blitz)"]
[EventRounds "11"]
[EventCountry "FRA"]

1. Nf3 d5 2. d4 Nf6 3. c4 c6 4. Qb3 g6 5. Nc3 Bg7 6. cxd5 cxd5 7. Bg5 O-O 8. e3
e6 9. Bd3 Nc6 10. h3 Na5 11. Qb4 Nc6 12. Qb3 Na5 13. Qc2 Bd7 14. Ne5 Rc8 15.
Qe2 h6 16. Bh4 a6 17. O-O Nc6 18. f4 Be8 19. Ng4 h5 20. Ne5 Qb6 21. Rac1 Nb4
22. Bxf6 Bxf6 23. Nxd5 exd5 24. Rxc8 Bxe5 25. fxe5 Nxd3 26. Qxd3 Bb5 27. Rxf8+
Kxf8 28. Qa3+ Kg8 29. Rf6 Qc7 30. Qc5 Qd7 31. e6 Qd8 1-0

[Event "13e Festival CG Meurthe et Moselle"]
[Site "Nancy"]
[Date "2015.02.21"]
[Round "6.7"]
[White "Guliyev, Namig"]
[Black "Doluhanova, Evgeniya"]
[Result "1-0"]
[WhiteElo "2520"]
[BlackElo "2250"]
[PlyCount "79"]
[EventDate "2015.02.21"]
[EventType "swiss (blitz)"]
[EventRounds "11"]
[EventCountry "FRA"]

1. e4 c5 2. Nf3 d6 3. d4 cxd4 4. Nxd4 Nf6 5. Nc3 a6 6. Be3 e5 7. Nf3 Be7 8. Bc4
O-O 9. O-O Be6 10. Bb3 Nc6 11. Re1 Rc8 12. Re2 b5 13. Bg5 Qd7 14. Bxf6 Bxf6 15.
Nd5 Bd8 16. Rd2 Qa7 17. c3 a5 18. a4 b4 19. cxb4 axb4 20. Rd3 Na5 21. Ba2 Bxd5
22. Bxd5 Bb6 23. Qe2 Rc7 24. Rf1 Nc6 25. b3 Rfc8 26. h4 Nd4 27. Nxd4 Bxd4 28.
Rf3 Kh8 29. g3 f6 30. Bc4 Rxc4 31. bxc4 Qxa4 32. Rb1 Bc3 33. Rd3 Qc6 34. Rbd1
h6 35. Rxd6 Qxc4 36. Rd8+ Kh7 37. Qg4 Rxd8 38. Rxd8 Qf7 39. h5 g6 40. hxg6+ 1-0

[Event "13e Festival CG Meurthe et Moselle"]
[Site "Nancy"]
[Date "2015.02.21"]
[Round "6.8"]
[White "Arun Prasad, S.."]
[Black "Andriasian, Siranush"]
[Result "1-0"]
[WhiteElo "2486"]
[BlackElo "2228"]
[PlyCount "59"]
[EventDate "2015.02.21"]
[EventType "swiss (blitz)"]
[EventRounds "11"]
[EventCountry "FRA"]

1. g3 d5 2. Nf3 c6 3. Bg2 Nf6 4. c4 Bg4 5. cxd5 Nxd5 6. d4 e6 7. O-O Be7 8. e4
Nf6 9. Nc3 O-O 10. h3 Bh5 11. g4 Bg6 12. Ne5 Nbd7 13. Qe2 Nxe5 14. dxe5 Nd7 15.
f4 f5 16. exf6 Nxf6 17. Be3 Bb4 18. Qc4 Bxc3 19. bxc3 Qa5 20. Rab1 Qc7 21. Bc5
Rfe8 22. Rbd1 Rad8 23. e5 Nd5 24. Rde1 b6 25. Bd6 Qd7 26. Kh1 Bf7 27. Qd4 c5
28. Qd2 Qc8 29. c4 Qa6 30. cxd5 1-0

[Event "13e Festival CG Meurthe et Moselle"]
[Site "Nancy"]
[Date "2015.02.21"]
[Round "6.9"]
[White "Pucher, Sebastien"]
[Black "Karagyozian, Edgar"]
[Result "0-1"]
[WhiteElo "2210"]
[BlackElo "2480"]
[PlyCount "60"]
[EventDate "2015.02.21"]
[EventType "swiss (blitz)"]
[EventRounds "11"]
[EventCountry "FRA"]

1. Nf3 d5 2. c4 e6 3. g3 Nf6 4. Bg2 c6 5. d4 Nbd7 6. Qd3 Ne4 7. O-O Be7 8. Nc3
Nxc3 9. bxc3 Nf6 10. Ne5 O-O 11. cxd5 exd5 12. c4 dxc4 13. Nxc4 Be6 14. e4 Qc8
15. Rd1 Rd8 16. Be3 Bh3 17. Bh1 Qe6 18. d5 cxd5 19. exd5 Qa6 20. Qb3 Rd7 21.
Ne5 Rc7 22. Nxf7 Kxf7 23. Bf4 Bd6 24. Rac1 Rac8 25. Rxc7+ Rxc7 26. Bg5 Qe2 27.
Bf3 Qc4 28. Qb1 Qc2 29. Qb5 Qf5 30. Bxf6 Qxf3 0-1

[Event "13e Festival CG Meurthe et Moselle"]
[Site "Nancy"]
[Date "2015.02.21"]
[Round "7.1"]
[White "Fedorchuk, Sergey A."]
[Black "Sebag, Marie"]
[Result "1-0"]
[WhiteElo "2730"]
[BlackElo "2520"]
[PlyCount "103"]
[EventDate "2015.02.21"]
[EventType "swiss (blitz)"]
[EventRounds "11"]
[EventCountry "FRA"]

1. e4 c5 2. Nf3 d6 3. d4 cxd4 4. Nxd4 Nf6 5. Nc3 a6 6. Be2 e5 7. Nb3 Be7 8. O-O
O-O 9. Re1 Be6 10. Bf3 Nc6 11. Nd5 Bxd5 12. exd5 Na5 13. Nxa5 Qxa5 14. c4 Rac8
15. Bd2 Qb6 16. b3 Nd7 17. Rc1 f5 18. b4 e4 19. Be2 Ne5 20. a3 f4 21. Bf1 Bh4
22. c5 dxc5 23. Rxe4 Bxf2+ 24. Kxf2 c4+ 25. Ke1 f3 26. Be3 Qf6 27. Qc2 fxg2 28.
Qxg2 Nf3+ 29. Kd1 Nh4 30. Rxh4 Qxh4 31. Be2 c3 32. Rc2 Qe7 33. Bc5 Qe5 34. Bxf8
Qd4+ 35. Ke1 Rxf8 36. Qg3 Qxd5 37. Rxc3 Qh1+ 38. Kd2 Rd8+ 39. Rd3 Re8 40. Qf3
Qg1 41. Re3 Rd8+ 42. Bd3 Qxh2+ 43. Re2 Qd6 44. Kc2 Qc7+ 45. Kb2 Rc8 46. Bc2 Qd6
47. Bb3+ Kh8 48. Qe4 h6 49. Bc2 Qf6+ 50. Ka2 Qf7+ 51. Kb1 Qf1+ 52. Re1 1-0

[Event "13e Festival CG Meurthe et Moselle"]
[Site "Nancy"]
[Date "2015.02.21"]
[Round "7.2"]
[White "Feller, Sebastien"]
[Black "Dobrov, Vladimir"]
[Result "1-0"]
[WhiteElo "2660"]
[BlackElo "2603"]
[PlyCount "63"]
[EventDate "2015.02.21"]
[EventType "swiss (blitz)"]
[EventRounds "11"]
[EventCountry "FRA"]

1. Nf3 c5 2. c4 g6 3. d4 Bg7 4. e4 cxd4 5. Nxd4 Nc6 6. Be3 Nf6 7. Nc3 Ng4 8.
Qxg4 Bxd4 9. Bxd4 Nxd4 10. O-O-O e5 11. f4 d6 12. Qg3 f6 13. h4 Be6 14. h5 Kf7
15. Kb1 Rc8 16. Nd5 Bxd5 17. exd5 Nf5 18. Qf3 e4 19. Qxe4 Re8 20. hxg6+ hxg6
21. Qc2 Kg7 22. Rc1 b5 23. Bd3 Ne3 24. Qf2 bxc4 25. Bxg6 Kxg6 26. Qh4 Kf5 27.
Qh7+ Kxf4 28. Rh4+ Kg3 29. Qg6+ Kf2 30. Rf4+ Ke2 31. Qh5+ Kd2 32. Rd4# 1-0